LEADER 01160nam a2200289 i 4500 001 991000983879707536 005 20020502182003.0 008 930422s1984 it ||| | ita 035 $ab11446869-39ule_inst 035 $aPRUMB52743$9ExL 040 $aScuola per assistenti sociali$bita 100 1 $aBandini, Tullio$0141939 245 10$aCittà e criminalità :$bricerca sul rapporto tra criminalità, controllo sociale e partecipazione /$ca cura di Giacomo Canepa e Tullio Bandini 260 $aMilano :$bAngeli,$cc1984 300 $a103 p. ;$c22 cm. 490 0 $aSociologia del diritto ;$v9 500 $aIn testa al frontespizio: Comune di Milano. Centro nazionale di prevenzione e difesa sociale 650 4$aControllo sociale 650 4$aCriminalità 650 4$aSociologia del diritto 700 1 $aCanepa, Giacomo 907 $a.b11446869$b01-03-17$c01-07-02 912 $a991000983879707536 945 $aLE024 SOC/B SR I 32$g1$iLE024N-2390$lle021$nex DUSS$o-$pE0.00$q-$rl$s- $t0$u0$v0$w0$x0$y.i11632525$z01-07-02 996 $aCittà e criminalità$9819568 997 $aUNISALENTO 998 $ale021$b01-01-93$cm$da $e-$fita$git $h0$i1